| 000 | 02504nam0a2200397 4500 | ||
|---|---|---|---|
| 001 | RU\NLR\BIBL_A\022613898 | ||
| 005 | 20260420052838.0 | ||
| 010 |
_a978-5-93441-931-9 _9500 |
||
| 021 |
_aRU _bКН-П-25-041407 _9КН-П-25-4032 |
||
| 035 | _a(NLR Aleph) 022613898 | ||
| 090 |
_a13683588 _c13683588 |
||
| 100 | _a20250903d2024 k y0rusy50 ca | ||
| 101 | 0 |
_arus _deng |
|
| 102 | _aRU | ||
| 105 | _ay z 100yy | ||
| 181 | 0 |
_ai4 _baxxe |
|
| 182 | 0 | _an | |
| 200 | 1 |
_aПроблемы развития теории социального государства _dProblems of the development of the theory of the welfare state _eсборник статей по материалам Международного круглого стола, Москва, 23 марта 2024 года _fОбразовательное учреждение профсоюзов высшего образования "Академия труда и социальных отношений", Международная ассоциация учебных и научных учреждений по подготовке кадров для социально-трудовой сферы _gпод общей редакцией доктора экономических наук, доцента Гришиной Т. В. _zeng |
|
| 203 |
_aТекст _bвизуальный _cнепосредственный |
||
| 210 |
_aМосква _cАТиСО _d2024 |
||
| 215 |
_a256 с. _d21 |
||
| 300 | _aРез. ст. на англ. яз. | ||
| 320 | _aБиблиогр. в конце ст. | ||
| 510 | 1 |
_aProblems of the development of the theory of the welfare state _zeng |
|
| 606 | 1 |
_aГосударство социальное _jСборники _92079888 _3RU\NLR\AUTH\661255788 |
|
| 686 | 1 | _aС550.511я43 | |
| 686 | 1 | _aС550.473я43 | |
| 686 | 1 | _aС550.52я43 | |
| 702 | 1 |
_4340 _7ca _8rus _aГришина _bТ. В. _cд-р экон. наук _gТатьяна Васильевна _987388 _3RU\NLR\AUTH\77104463 |
|
| 711 | 1 | 2 |
_a"Проблемы развития теории социального государства", международный круглый стол _eМосква _f2024 _92676072 _3RU\NLR\AUTH\880630671 |
| 712 | 0 | 2 |
_4475 _aАкадемия труда и социальных отношений _cМосква _9399848 _3RU\NLR\AUTH\889951944 |
| 942 | _cBOOK | ||
| 980 | _aNB | ||